000 00463pab a2200169 454500
008 180718b2014 xxu||||| |||| 00| 0 eng d
100 _aAstebro, Thomas et al
245 _aSeeking the roots of entrepreneurship: Insights from behavioral economics
260 _c2014
300 _ap.49-70.
362 _aSummer
650 _aBehavioral economics
650 _aEntrepreneurs
773 _aJournal of Economic Perspectives
908 _aN
909 _a105215
999 _c105210
_d105210